[Event "AUTO-INT-3275"]
[Site "http://www.queenalice.com/game.php?id=1517005"]
[Date "2018.2.22"]
[Round "2"]
[White "saturnin"]
[Black "crapaud93600"]
[Result "0-1"]
[WhiteElo "1552"]
[BlackElo "1790"]

1. b4 c6 2. c4 Nf6 3. c5 e6 4. a4 d6 5. Qc2 Na6 6. b5 cxb5 7. axb5 Nxc5 8. d4
Ncd7 9. Qa4 Nb6 10. Qa5 g6 11. Be3 Bg7 12. g3 O-O 13. Bg2 Nc4 14. Qc3 d5 15. Na3
Nxe3 16. Qxe3 Ng4 17. Qd2 Bd7 18. e3 Rc8 19. Nf3 e5 20. dxe5 Nxe5 21. Qxd5 Nxf3+
22. Bxf3 Bxa1 23. Qxb7 Qa5+ 24. Kf1 Rc7 25. Qd5 Qxa3 26. Kg2 Bg7 27. Qg5 Qc5 28.
Qf4 Bxb5 29. Rd1 Bc6 30. e4 Bd4 31. Bg4 Bb7 32. Rd2 Re8 33. f3 Be5 34. Qg5 Kg7
35. f4 Bf6 36. Qxc5 Rxc5 37. Bf3 Bxe4 38. Rd7 Rc2+ 0-1

[Event "AUTO-INT-3275"]
[Site "http://www.queenalice.com/game.php?id=1517006"]
[Date "2018.2.22"]
[Round "2"]
[White "crapaud93600"]
[Black "NickThorp"]
[Result "0-1"]
[WhiteElo "1771"]
[BlackElo "1578"]

1. d4 d5 2. c4 dxc4 3. Nf3 e6 4. e3 Bb4+ 5. Bd2 Bxd2+ 6. Nbxd2 Nf6 7. Bxc4 O-O
8. Qc2 Nc6 9. O-O a6 10. Ne5 Nxe5 11. dxe5 Nd5 12. a3 b5 13. Bxd5 Qxd5 14. Nf3
c6 15. Rad1 Qa2 16. Qxc6 Ra7 17. Qc2 Qc4 18. Qxc4 bxc4 19. Nd4 Rd8 20. Nc6 Rxd1
21. Rxd1 Rd7 22. Rc1 Bb7 23. Na5 Be4 24. Nxc4 Rc7 25. Rd1 h6 26. f4 Rxc4 27. Rd2
Rc1+ 28. Kf2 Kh7 29. h4 g5 30. hxg5 hxg5 31. g3 gxf4 32. exf4 Kg6 33. g4 f6 34.
exf6 Kxf6 35. Ke3 Bd5 36. Rg2 Bxg2 0-1

[Event "AUTO-INT-3275"]
[Site "http://www.queenalice.com/game.php?id=1517007"]
[Date "2018.2.22"]
[Round "2"]
[White "NickThorp"]
[Black "crapaud93600"]
[Result "1-0"]
[WhiteElo "1559"]
[BlackElo "1796"]

1. e4 d5 2. exd5 Nf6 3. Bb5+ Bd7 4. Bxd7+ Qxd7 5. Nc3 Nxd5 6. Nxd5 Qxd5 7. d3 e6
8. Nf3 Be7 9. O-O Nd7 10. c4 Qf5 11. b3 Bf6 12. Rb1 Nc5 13. Bb2 Rd8 14. Bxf6
Rxd3 15. Qc2 Qxf6 16. b4 Rc3 17. Qe2 Nd7 18. c5 c6 19. Rbc1 Rxc1 20. Rxc1 O-O
21. a3 Ne5 22. Nxe5 g6 23. Nd7 Qe7 24. Nxf8 Qxf8 25. h3 Qh6 26. Rd1 Qf4 27. Rd8+
Kg7 28. Rd7 Qb8 29. Rd6 Qc7 30. Qe5+ Kg8 31. f4 b6 32. cxb6 axb6 33. a4 1-0

[Event "AUTO-ADV-3983"]
[Site "http://www.queenalice.com/game.php?id=1517061"]
[Date "2018.2.22"]
[Round "1"]
[White "BOSQUES"]
[Black "crapaud93600"]
[Result "0-1"]
[WhiteElo "1826"]
[BlackElo "1790"]

1. d4 d6 2. e4 g6 3. Nf3 Bg7 4. Nc3 c6 5. b3 b5 6. Bb2 Nd7 7. g3 Bb7 8. Bg2 e6
9. O-O Ne7 10. a4 b4 11. Na2 a5 12. Nc1 O-O 13. Nd3 Qb6 14. Rb1 c5 15. c3 Bxe4
16. dxc5 Nxc5 17. cxb4 Nxd3 18. bxa5 Rxa5 19. Bxg7 Kxg7 20. Qd2 Rd5 21. Qe3 Qxe3
22. fxe3 Nf5 23. Ra1 Nxe3 24. Rfb1 Nxg2 0-1

[Event "AUTO-ADV-3983"]
[Site "http://www.queenalice.com/game.php?id=1517062"]
[Date "2018.2.22"]
[Round "1"]
[White "crapaud93600"]
[Black "BOSQUES"]
[Result "1/2-1/2"]
[WhiteElo "1721"]
[BlackElo "1758"]

1. e4 c5 2. d4 cxd4 3. Qxd4 Nc6 4. Qd1 e5 5. c4 Nf6 6. Bd3 Bb4+ 7. Bd2 Bc5 8.
Nc3 O-O 9. Nf3 a6 10. O-O Nb4 11. Qb1 d6 12. a3 Nxd3 13. Qxd3 Be6 14. Bg5 h6 15.
Bxf6 Qxf6 16. b4 Bd4 17. Nxd4 exd4 18. Ne2 b6 19. Nxd4 Bd7 20. Nf5 Bxf5 21. exf5
Rfe8 22. g4 Re5 23. Rad1 Rd8 24. f4 Re7 25. Kg2 Qb2+ 26. Rd2 Qf6 27. Kg3 g6 28.
fxg6 Qxg6 29. Qxg6+ fxg6 30. h4 Re3+ 31. Rf3 Re1 32. f5 gxf5 33. gxf5 Kg7 34. h5
Kf6 35. Kg4 Rg1+ 36. Rg3 Rg8+ 37. Kf4 R1xg3 38. Rxd6+ Ke7 39. Rxb6 R8g4+ 40. Ke5
Re3+ 41. Kd5 Rd3+ 42. Kc5 Rdd4 43. Rxh6 Rxc4+ 44. Kb6 Rg3 45. Kxa6 Rxa3+ 46. Kb5
Re4 47. f6+ Kf7 48. Kc5 Ra4 49. Rh7+ Kg8 50. Rg7+ Kf8 51. h6 Raxb4 52. h7 Rbc4+
53. Kd5 Red4+ 54. Ke5 Re4+ 55. Kd5 Red4+ 1/2-1/2

[Event "AUTO-ADV-3983"]
[Site "http://www.queenalice.com/game.php?id=1517075"]
[Date "2018.2.22"]
[Round "1"]
[White "abdoechecs"]
[Black "crapaud93600"]
[Result "0-1"]
[WhiteElo "1497"]
[BlackElo "1710"]

1. d4 d6 2. e4 g6 3. Be3 Bg7 4. Bd3 e5 5. d5 Nf6 6. h3 Nbd7 7. b4 b6 8. Nd2 Bb7
9. a4 c6 10. c4 Rc8 11. g4 cxd5 12. cxd5 a5 13. g5 Ng8 14. Bb5 Ne7 15. Qg4 h5
16. gxh6 Bxh6 17. Bxb6 Rc7 18. Nc4 Nc8 19. Bxc7 Qxc7 20. Ke2 Na7 21. Bxd7+ Qxd7
22. Qxd7+ Kxd7 23. Nb6+ Ke7 0-1

[Event "AUTO-ADV-3983"]
[Site "http://www.queenalice.com/game.php?id=1517076"]
[Date "2018.2.22"]
[Round "1"]
[White "crapaud93600"]
[Black "abdoechecs"]
[Result "1-0"]
[WhiteElo "1717"]
[BlackElo "1490"]

1. e4 e6 2. d4 d5 3. Bd3 Nc6 4. Nf3 dxe4 5. Bxe4 Nf6 6. Bxc6+ bxc6 7. c3 Bd6 8.
Bg5 h6 9. Bh4 g5 10. Bg3 Ne4 11. Bxd6 cxd6 12. Nbd2 f5 13. O-O g4 14. Ne1 Nxd2
15. Qxd2 Ba6 16. Nd3 e5 17. dxe5 dxe5 18. Rfe1 e4 19. Rad1 Kf8 20. Nc5 Qxd2 21.
Rxd2 Kg7 22. Rd7+ 1-0

[Event "AUTO-ADV-3983"]
[Site "http://www.queenalice.com/game.php?id=1517085"]
[Date "2018.2.22"]
[Round "1"]
[White "crapaud93600"]
[Black "Canaye"]
[Result "0-1"]
[WhiteElo "1831"]
[BlackElo "1860"]

1. e4 e6 2. d4 d5 3. Bd3 c5 4. Nf3 Nc6 5. Be3 cxd4 6. Nxd4 Nxd4 7. Bxd4 Nf6 8.
exd5 Nxd5 9. Nc3 Bb4 10. Qd2 Qh4 11. Be3 O-O 12. g3 Qe7 13. a3 Bxc3 14. bxc3 b6
15. c4 Nxe3 16. Qxe3 Bb7 17. O-O Rad8 18. f3 Rd7 19. c3 Rfd8 20. Bc2 Rd2 21. Be4
Bxe4 22. Qxe4 f5 23. Qh4 Qc5+ 24. Kh1 R8d3 25. Rae1 Rf2 26. g4 Rdxf3 27. Rxf2
Rxf2 28. Kg1 Ra2+ 29. Kf1 Qxc4+ 30. Kg1 Qc5+ 31. Kf1 Qd5 32. Qg3 Qh1+ 33. Qg1
Qf3+ 34. Qf2 Qxf2# 0-1

[Event "AUTO-ADV-3983"]
[Site "http://www.queenalice.com/game.php?id=1517086"]
[Date "2018.2.22"]
[Round "1"]
[White "Canaye"]
[Black "crapaud93600"]
[Result "1-0"]
[WhiteElo "1880"]
[BlackElo "1816"]

1. d4 d6 2. c4 e5 3. dxe5 Nc6 4. exd6 Bxd6 5. Nf3 Qf6 6. Nc3 Be5 7. Nxe5 Nxe5 8.
e3 Bg4 9. Be2 Rd8 10. Qa4+ Bd7 11. Qxa7 Qc6 12. Qd4 f6 13. Qf4 Qxg2 14. Rf1 Ne7
15. b3 N7g6 16. Qg3 Qc6 17. Nd5 b5 18. Bb2 O-O 19. Rd1 Kh8 20. cxb5 Qb7 21. a4
c6 22. Nf4 Nxf4 23. Qxf4 cxb5 24. a5 b4 25. a6 Qb8 26. Ra1 Bb5 27. a7 Qb7 28.
Bxe5 fxe5 29. Qxe5 Bxe2 30. Kxe2 Ra8 31. f3 Rxa7 32. Rxa7 Qxa7 33. Ra1 Qf7 34.
f4 Qh5+ 35. Qxh5 1-0

[Event "AUTO-ADV-4002"]
[Site "http://www.queenalice.com/game.php?id=1523128"]
[Date "2018.4.11"]
[Round "1"]
[White "crapaud93600"]
[Black "Paulsains"]
[Result "0-1"]
[WhiteElo "1717"]
[BlackElo "1933"]

1. c4 e5 2. g3 Nf6 3. Bg2 Bc5 4. e3 O-O 5. b3 d5 6. Ba3 Bxa3 7. Nxa3 d4 8. Ne2
c6 9. d3 dxe3 10. fxe3 Be6 11. d4 e4 12. Qc2 Bf5 13. Nc3 Re8 14. O-O-O Qa5 15.
Kb2 Na6 0-1

[Event "AUTO-ADV-4002"]
[Site "http://www.queenalice.com/game.php?id=1523129"]
[Date "2018.4.11"]
[Round "1"]
[White "Paulsains"]
[Black "crapaud93600"]
[Result "1-0"]
[WhiteElo "1925"]
[BlackElo "1725"]

1. e4 d5 2. exd5 Nf6 3. Nf3 Nxd5 4. Bc4 Bg4 5. O-O e5 6. Be2 Nd7 7. h3 Bf5 8. d3
c6 9. Bd2 e4 10. dxe4 Bxe4 11. Ng5 Bg6 12. Bc4 N7f6 13. Nc3 h6 14. Re1+ Be7 15.
Nf3 1-0

[Event "AUTO-ADV-4002"]
[Site "http://www.queenalice.com/game.php?id=1523130"]
[Date "2018.4.11"]
[Round "1"]
[White "crapaud93600"]
[Black "Bruscato"]
[Result "0-1"]
[WhiteElo "1757"]
[BlackElo "2268"]

1. d4 c5 2. d5 e5 3. e4 d6 4. Nf3 Be7 5. c4 Nf6 6. Bd3 O-O 7. O-O Nbd7 8. Nc3 a6
9. a3 Rb8 10. b4 cxb4 11. axb4 Re8 12. Re1 Nf8 13. h3 Ng6 14. Rb1 Bd7 15. Be3
Qc8 16. b5 axb5 17. Nxb5 Nf4 18. Bxf4 exf4 19. g4 Bxb5 20. Rxb5 Bf8 21. Qc1 Nxg4
22. Qxf4 Ne5 23. Rc1 Nxd3 0-1

[Event "AUTO-ADV-4002"]
[Site "http://www.queenalice.com/game.php?id=1523131"]
[Date "2018.4.11"]
[Round "1"]
[White "Bruscato"]
[Black "crapaud93600"]
[Result "1-0"]
[WhiteElo "2228"]
[BlackElo "1755"]

1. e4 d5 2. exd5 Nf6 3. d4 Nxd5 4. Nf3 Bg4 5. Be2 e6 6. O-O Bd6 7. c4 Nf4 8.
Bxf4 Bxf4 9. Qb3 b6 10. Rd1 Nd7 11. Nc3 c6 12. d5 cxd5 13. cxd5 O-O 14. h3 Bf5
15. Nd4 Qf6 16. dxe6 Nc5 17. exf7+ Rxf7 18. Qd5 Rd8 19. Qxf5 Qxf5 20. Nxf5 Rxd1+
21. Rxd1 Rxf5 22. Bc4+ Kf8 23. Rd8+ Ke7 24. Ra8 Re5 25. Rxa7+ Kf6 26. Nd5+ Kf5
27. Rf7+ Kg5 28. Nxf4 Rf5 29. Rxf5+ Kxf5 30. Nd3 Ne4 31. Bd5 1-0

[Event "AUTO-OPEN-3878"]
[Site "http://www.queenalice.com/game.php?id=1528164"]
[Date "2018.5.22"]
[Round "2"]
[White "Magogue"]
[Black "crapaud93600"]
[Result "1-0"]
[WhiteElo "2638"]
[BlackElo "1724"]

1. d4 d6 2. c4 g6 3. Nf3 Bg7 4. Nc3 Bg4 5. e3 Nc6 6. Be2 e5 7. O-O Nf6 8. d5 Ne7
9. Qb3 b6 10. e4 O-O 11. Rd1 a5 12. Be3 Rb8 13. Qc2 c6 14. dxc6 Nxc6 15. Qd2 Nb4
16. a3 Nc6 17. Qxd6 Qxd6 18. Rxd6 Bd7 19. Nd5 Nxd5 20. cxd5 Bc8 21. dxc6 Be6 22.
c7 Rb7 23. Bxb6 Bf6 24. Ba6 Rxb6 25. Rxb6 1-0

[Event "AUTO-OPEN-3878"]
[Site "http://www.queenalice.com/game.php?id=1528165"]
[Date "2018.5.22"]
[Round "2"]
[White "crapaud93600"]
[Black "Magogue"]
[Result "0-1"]
[WhiteElo "1726"]
[BlackElo "2637"]

1. d4 e6 2. Nf3 c5 3. c4 cxd4 4. Nxd4 Bb4+ 5. Bd2 Bc5 6. e3 Nf6 7. b4 Bxd4 8.
exd4 Nc6 9. Bc3 O-O 10. Nd2 Qe7 11. Be2 Nxb4 12. Qb3 Nc6 13. O-O Qd6 14. Nf3 Ne4
15. Bb2 Qb4 16. Bd3 Qxb3 17. axb3 d5 18. Bxe4 dxe4 19. Ne5 Nxe5 20. dxe5 b6 21.
Rae1 Bb7 22. f4 Rfd8 23. Rf2 Rd3 24. Rc2 Rxb3 0-1

[Event "AUTO-ADV-4029"]
[Site "http://www.queenalice.com/game.php?id=1530931"]
[Date "2018.6.13"]
[Round "1"]
[White "avieytoa"]
[Black "crapaud93600"]
[Result "1-0"]
[WhiteElo "1827"]
[BlackElo "1751"]

1. e4 e6 2. d4 d5 3. e5 c5 4. Nf3 cxd4 5. Qxd4 Nc6 6. Qd1 Bc5 7. c3 Nh6 8. Bxh6
gxh6 9. Bd3 Qb6 10. Qd2 f5 11. b4 Bf8 12. a4 Bg7 13. a5 Qc7 14. O-O Nxe5 15.
Nxe5 1-0

[Event "AUTO-ADV-4029"]
[Site "http://www.queenalice.com/game.php?id=1530932"]
[Date "2018.6.13"]
[Round "1"]
[White "crapaud93600"]
[Black "avieytoa"]
[Result "0-1"]
[WhiteElo "1738"]
[BlackElo "1840"]

1. d4 d5 2. c4 Nf6 3. Nf3 e6 4. e3 Bb4+ 5. Bd2 Bxd2+ 6. Qxd2 O-O 7. Nc3 a6 8. b4
c6 9. c5 h6 10. Be2 Nbd7 11. O-O Ng4 12. h3 Ngf6 13. a4 b6 14. cxb6 Qxb6 0-1

[Event "AUTO-ADV-4029"]
[Site "http://www.queenalice.com/game.php?id=1530945"]
[Date "2018.6.13"]
[Round "1"]
[White "forever"]
[Black "crapaud93600"]
[Result "1-0"]
[WhiteElo "1892"]
[BlackElo "1690"]

1. d4 d5 2. c4 c6 3. Nf3 e6 4. Nc3 f5 5. e3 Nf6 6. Bd3 Na6 7. a3 c5 8. cxd5 Nxd5
9. Ne5 cxd4 10. exd4 Nf6 11. Bb5+ Bd7 12. Qe2 Nc7 13. Bc4 Qe7 14. O-O a6 15. Bg5
h6 16. Ng6 Qd6 17. Nxh8 hxg5 18. Ng6 Qxd4 19. Rad1 Qb6 20. Ne5 O-O-O 21. Qd2
Nfd5 22. Qxg5 Qd6 23. Nf7 Qe7 24. Qxe7 Bxe7 25. Nxd8 Kxd8 26. Bxd5 exd5 27. Nxd5
1-0

[Event "AUTO-ADV-4029"]
[Site "http://www.queenalice.com/game.php?id=1530946"]
[Date "2018.6.13"]
[Round "1"]
[White "crapaud93600"]
[Black "forever"]
[Result "0-1"]
[WhiteElo "1701"]
[BlackElo "1814"]

1. d4 d5 2. c4 c6 3. Nf3 e6 4. e3 Nd7 5. Nc3 g6 6. c5 b6 7. b4 Qf6 8. Bb2 Bg7 9.
Rb1 Ne7 10. cxb6 axb6 11. a3 O-O 12. Be2 e5 13. dxe5 Nxe5 14. Nxe5 Qxe5 15. Ne4
Qxe4 16. O-O Bf5 17. Bd3 Qxd3 18. Rc1 Bxb2 19. Rb1 Qxd1 20. Rfxd1 Bxb1 21. Rxb1
Bxa3 0-1

[Event "AUTO-ADV-4029"]
[Site "http://www.queenalice.com/game.php?id=1530953"]
[Date "2018.6.13"]
[Round "1"]
[White "marcoswerneck"]
[Black "crapaud93600"]
[Result "1-0"]
[WhiteElo "1857"]
[BlackElo "1711"]

1. e4 e6 2. e5 d5 3. d4 c5 4. c3 Nc6 5. Nf3 Bd7 6. Be3 b6 7. b3 Nh6 8. Bd3 Ng4
9. Qe2 Nxe3 10. Qxe3 Rc8 11. Qf4 cxd4 12. cxd4 Bb4+ 13. Nbd2 h6 14. O-O f5 15.
a3 Bxd2 16. Qxd2 g5 17. h3 Rg8 18. b4 1-0

[Event "AUTO-ADV-4029"]
[Site "http://www.queenalice.com/game.php?id=1530954"]
[Date "2018.6.13"]
[Round "1"]
[White "crapaud93600"]
[Black "marcoswerneck"]
[Result "0-1"]
[WhiteElo "1722"]
[BlackElo "1846"]

1. c4 e5 2. g3 Nf6 3. Bg2 d6 4. Nc3 a6 5. Nf3 c6 6. d3 Bd7 7. Bg5 Be7 8. Qb3 b5
9. Nd2 O-O 10. cxb5 axb5 11. Qc2 d5 12. e4 d4 13. Ne2 Be6 14. O-O c5 15. b3 Ng4
16. Bxe7 Qxe7 17. Nf3 Nc6 0-1